000 00626nam a2200181Ia 4500
008 220216s9999 xx 000 0 und d
100 _aJoseph K
245 0 _aBiological, chemical and integrated management in rubber cultivation during the immature years: A comparative study
260 _bPLACROSYM XXI. International Symposium on Plantation Crops, 10-12 December 2014, Kozhikode, India, pp. 98. Abstracts.
650 _aBiological treatment
650 _aChemical management
650 _aRubber cultivation
700 _aJoseph A
700 _aMathew J
700 _aPhilip A
700 _aPhilip S
942 _cBS
999 _c50304
_d50304